1150 1857 1860 1219 1818 1493 1538 1341 1337 1615 1339 1685 1628 1855 1013 1586 1212 1679 1428 1150 1526 1143 1474 1775 1778 1845 1800 1317 1125 1103 1203 1302 1132 1489 1879 1806 1281 1468 1434 1568 1634 1329 1942 1862 1818 1206 1654 1437 1489 1346 1564 1772 1102 1602 1483 1750 1582 1550 1724 1591 1376 1562 1304 1816 1926 1160 1315 1336 1171 1955 1106 1772 1783 1211 1734 1048 1598 1139 1611 1696 1118 1026 1788 1851 1299 1614 1510 1093 1708 1800 1105 1550 1458 1607 1645 1605 1159 1196 1994 BCNSPRNW ULIB Ver.6.0+V

เปลี่ยนเป็นภาษาไทย

Change to English
 แสดงรายละเอียดบรรณานุกรม
  กลับหน้าหลัก

Brief Record : Get Marc (ISO 2709) : E-mail record : QR code < ปิดหน้าต่าง
LEADER : 00000nam 2200000uu 4500
001    13399128565
003     ULIB
008    230912s2563||||th 000 0 tha d
020    ^a9786164075122
060    ^aWT100^bค125ค
110    ^aคณะทันตแพทยศาสตร์,จุฬาลงกรณ์มหาวิทยาลัย
245    ^aคู่มือดูแลตนเองเพื่อสุขภาพดีมีความสุข ฉบับประชาชน
250    ^aพิมพ์ครั้งที่ 1
260    ^aกรุงเทพฯ :^bสำนักพิมพ์จุฬาลงกรณ์มหาวิทยาลัย,^c2563
300    ^a28 หน้า;^c30 ซม.
650    ^aผู้สูงอายุ-การดูแลสุขภาพ
945    ^p0^l0^i010311
999    ^aประนอม เกษจรัล
รายการนี้ยังไม่มีแท็ก
คุณยังไม่ได้ล็อกอิน คุณสามารถมีกิจกรรมร่วมกับเว็บไซต์ได้ แต่ต้องล็อกอินก่อน ::
  ล็อกอิน

รายการสื่อสารสนเทศ

ลำดับที่ ประเภท เลขเรียก/บาร์โค้ด สถานที่ สถานะ
1. วิทยาศาสตร์การแพทย์ และสุขภาพ
หนังสือสำรอง
สถานะ=หนังสือสำรอง
WT100 ค125ค ฉ.1 
  Barcode: 010311
ห้องสมุดวิทยาเขตสวรรค์ประชารักษ์
►หนังสือทั่วไป
บนชั้น

รายการใกล้เคียง
    หัวเรื่อง [ผู้สูงอายุ-การดูแลสุขภาพ]

BibComment


ยังไม่เคยถูกคอมเมนท์

คอมเมนท์ทรัพยากรรายการนี้
  คอมเมนท์: คู่มือดูแลตนเองเ..


 Copyright 2026. Bcnsprnw @Library